[Event "11th WUCC Women"]
[Site "Zuerich SUI"]
[Date "2010.09.05"]
[Round "1"]
[White "Munguntuul,B"]
[Black "Seps,M"]
[Result "1-0"]
[WhiteElo "2412"]
[BlackElo "2184"]
[EventDate "2010.09.05"]

1. e4 c5 2. Nf3 d6 3. d4 cxd4 4. Nxd4 Nf6 5. Nc3 a6 6. Be3 e5 7. Nb3 Be6 8.
Qd2 Nbd7 9. O-O-O Rc8 10. f3 Qc7 11. Kb1 Be7 12. g4 O-O 13. h4 b5 14. Bh3
Nb6 15. Bxb6 Qxb6 16. g5 Nh5 17. Nd5 Bxd5 18. Bxc8 Bxb3 19. Bg4 Bxa2+ 20.
Kxa2 Nf4 21. Rh2 a5 22. Qc3 Rb8 23. Rhd2 b4 24. Qc4 a4 25. Kb1 b3 26. Qxa4
bxc2+ 27. Rxc2 Bf8 28. h5 Qd8 29. Qd7 Qxg5 30. Rc8 Rxc8 31. Qxc8 Qf6 32.
Rc1 g6 33. h6 g5 34. Qe8 Qxh6 35. Rc7 Qg7 36. b4 h5 37. Bf5 g4 38. fxg4 h4
39. b5 h3 40. b6 Ne2 41. Rxf7 1-0

[Event "11th WUCC Women"]
[Site "Zuerich SUI"]
[Date "2010.09.05"]
[Round "1"]
[White "Lestari,B"]
[Black "Tsereteli,T"]
[Result "0-1"]
[WhiteElo "2177"]
[BlackElo "2384"]
[EventDate "2010.09.05"]

1. e4 c5 2. Nf3 Nc6 3. d4 cxd4 4. Nxd4 Nf6 5. Nc3 e5 6. Ndb5 d6 7. Bg5 a6
8. Na3 b5 9. Nd5 Be7 10. Bxf6 Bxf6 11. c3 Rb8 12. Nc2 Bg5 13. Bd3 O-O 14.
O-O Be6 15. Nce3 Ne7 16. Qc2 g6 17. a4 Bxd5 18. Nxd5 Nxd5 19. exd5 Qb6 20.
b4 Rfc8 21. axb5 axb5 22. Ra5 Qc7 23. Rxb5 Rxb5 24. Bxb5 Qxc3 25. Qxc3 Rxc3
26. Bc6 Bd8 27. Re1 Rb3 28. b5 Ba5 29. Rf1 Bb6 30. h3 Rb2 31. Bd7 Rd2 32.
Bc6 h5 33. h4 Kg7 34. Bb7 e4 35. Bc6 f5 36. g3 Kf6 37. Bb7 g5 38. Bc6 gxh4
39. gxh4 Ke5 40. Be8 f4 41. Bxh5 f3 42. Bf7 Kf4 43. h5 e3 44. h6 e2 0-1

[Event "11th WUCC Women"]
[Site "Zuerich SUI"]
[Date "2010.09.05"]
[Round "1"]
[White "Sukandar,I"]
[Black "Van Nies,P"]
[Result "1/2-1/2"]
[WhiteElo "2372"]
[BlackElo "2167"]
[EventDate "2010.09.05"]

1. e4 e6 2. d4 d5 3. Nc3 Nc6 4. Nf3 Nf6 5. e5 Ne4 6. Bd3 Bb4 7. Bd2 Nxd2 8.
Qxd2 f6 9. a3 Be7 10. exf6 Bxf6 11. Qe3 a6 12. Ne2 Qd6 13. Ng5 Bxg5 14.
Qxg5 O-O 15. Qh4 g6 16. f4 Nxd4 17. Nxd4 Rxf4 18. Qg5 Rxd4 19. O-O e5 20.
Rae1 e4 21. Rf6 Qc5 22. Kh1 Bf5 23. Rxf5 exd3 24. cxd3 Rxd3 25. Ref1 Qe3
26. R5f4 Rd4 27. g3 Rxf4 28. Qxd5+ Kh8 29. Rxf4 c6 1/2-1/2

[Event "11th WUCC Women"]
[Site "Zuerich SUI"]
[Date "2010.09.05"]
[Round "1"]
[White "Salman,Ma"]
[Black "Tuvshintugs,B"]
[Result "1-0"]
[WhiteElo "2001"]
[BlackElo "2333"]
[EventDate "2010.09.05"]

1. e4 e5 2. Nf3 Nc6 3. Bc4 Nf6 4. d3 Be7 5. c3 d6 6. Nbd2 O-O 7. Bb3 Na5 8.
Bc2 c5 9. O-O Nc6 10. Re1 Qc7 11. Nc4 Be6 12. Bg5 Ng4 13. Ne3 Nxe3 14. Rxe3
d5 15. Bxe7 Qxe7 16. d4 cxd4 17. cxd4 Bg4 18. exd5 Bxf3 19. Rxf3 Nxd4 20.
Rd3 Rac8 21. Bb3 Qf6 22. Qd2 Rc5 23. Re1 Rfc8 24. Qe3 h6 25. h3 Rc1 26. Bd1
Qg6 27. Rc3 R1xc3 28. bxc3 Nc2 29. Bxc2 Qxc2 30. Rc1 Qxa2 31. Qxe5 Qa3 32.
Qe3 Qc5 33. Qf3 b5 34. Ra1 Rd8 35. d6 Rxd6 36. Qa8+ Kh7 37. Qxa7 Rd1+ 38.
Kh2 Qe5+ 39. g3 Rxa1 40. Qxa1 g6 41. Qa7 Kg7 42. Qb6 h5 43. h4 Qd5 44. Qe3
Kf6 45. Qf4+ Ke6 46. Qe3+ Qe5 47. Qb6+ Kf5 48. Qb7 Kf6 49. Qc6+ Kg7 50. Qb6
Qd5 51. Qe3 Kf6 52. Qf4+ Ke6 53. Qe3+ Kd6 54. Qb6+ Qc6 55. Qd4+ Kc7 56.
Qf4+ Kb6 57. Qxf7 Qxc3 58. Qxg6+ Qc6 59. Qxh5 b4 60. Qf7 Qc3 61. Qe6+ Ka7
62. Qd7+ Ka6 63. Qe6+ Ka7 64. h5 b3 65. h6 b2 66. Qa2+ Kb6 67. h7 Qg7 68.
Qb3+ Kc7 69. Qc2+ Kd6 70. Qf5 Ke7 71. Qe4+ Kd6 72. Qh4 Qh8 73. Qh6+ Kc5 74.
Qg5+ Kc6 75. Qg8 Qf6 76. Qc8+ Kb6 77. Qb8+ Ka6 78. Qa8+ Kb6 79. Kg2 Qc6+
80. Qxc6+ Kxc6 81. h8=Q b1=Q 82. Qf6+ Kd7 83. g4 Qe4+ 84. Qf3 Qb4 85. g5
Ke7 86. g6 Qh4 87. g7 Qg5+ 88. Qg3 Qd5+ 89. Kh3 Qh1+ 90. Kg4 Kf7 91. Qf3+
Qxf3+ 92. Kxf3 Kxg7 93. Ke4 Kf6 94. Kf4 Kf7 95. Kf5 Kf8 96. Kf6 Ke8 97. f4
Kf8 98. f5 1-0

[Event "11th WUCC Women"]
[Site "Zuerich SUI"]
[Date "2010.09.05"]
[Round "1"]
[White "Severiukhina,Z"]
[Black "Alavi,H"]
[Result "1-0"]
[WhiteElo "2313"]
[BlackElo "1953"]
[EventDate "2010.09.05"]

1. e4 c6 2. d4 d5 3. e5 Bf5 4. Nd2 e6 5. Nb3 Nd7 6. Nf3 Ne7 7. Be2 Qc7 8.
O-O Bg6 9. a4 c5 10. Nxc5 Nxc5 11. dxc5 Nc6 12. Be3 a6 13. c3 Nxe5 14. Nxe5
Qxe5 15. Bd4 Qc7 16. b4 e5 17. Be3 Rd8 18. f4 Be4 19. fxe5 Qxe5 20. Bd4 Qg5
21. Bf3 Be7 22. Bxe4 dxe4 23. Qe2 Qg6 24. Rae1 f5 25. Qc4 Rf8 26. b5 Qf7
27. Qe2 Qe6 28. Rb1 a5 29. b6 Bf6 30. Qb5+ Kf7 31. Bxf6 Kxf6 32. c6 Rd5 33.
Qc4 bxc6 34. b7 Rb8 35. Qa6 e3 36. Qa7 Rdd8 37. Rfe1 f4 38. Qxa5 Rd2 39.
Qh5 Qe4 40. Qh3 c5 41. Rb6+ Kf7 42. Qh5+ Kg8 43. Qf3 Qxf3 44. gxf3 Ra2 45.
Reb1 Rd2 46. a5 e2 47. Re1 Rd1 48. Kf2 Rd7 49. a6 1-0

[Event "11th WUCC Women"]
[Site "Zuerich SUI"]
[Date "2010.09.05"]
[Round "1"]
[White "Martinez,Jan"]
[Black "Kharashuta,E"]
[Result "0-1"]
[WhiteElo "1949"]
[BlackElo "2298"]
[EventDate "2010.09.05"]

1. d4 d6 2. Nf3 Bg4 3. c4 Nd7 4. Nc3 c6 5. e4 e5 6. Be2 Be7 7. O-O Bxf3 8.
Bxf3 Bg5 9. d5 Bxc1 10. Rxc1 c5 11. Ne2 Ngf6 12. Ng3 g6 13. Rc3 h5 14. Qd2
Ng4 15. h3 Qh4 16. Bd1 Ngf6 17. f4 exf4 18. Rxf4 Qg5 19. h4 Qe5 20. Qf2
O-O-O 21. Ra3 Kb8 22. b4 Qa1 23. Qc2 cxb4 24. Ra4 Ng4 25. Nf1 Nc5 26. Rxb4
Qd4+ 27. Kh1 Nd3 28. Rxb7+ Kxb7 29. Rxf7+ Ka8 30. Qa4 Ndf2+ 31. Rxf2 Nxf2+
32. Kh2 Nxd1 33. Qc6+ Kb8 34. Qb5+ Qb6 0-1

[Event "11th WUCC Women"]
[Site "Zuerich SUI"]
[Date "2010.09.05"]
[Round "1"]
[White "Borosova,Z"]
[Black "Heinatz,M"]
[Result "1-0"]
[WhiteElo "2277"]
[BlackElo "1935"]
[EventDate "2010.09.05"]

1. e4 c5 2. Nf3 e6 3. d4 cxd4 4. Nxd4 a6 5. Bd3 Bc5 6. Nb3 Be7 7. Be3 Qc7
8. Qe2 Nf6 9. f4 d6 10. N1d2 Nbd7 11. g4 Nc5 12. Nxc5 dxc5 13. g5 Nd7 14.
c4 Nb8 15. h4 Nc6 16. e5 Qa5 17. a3 Bd7 18. O-O-O Qc7 19. Qf2 b6 20. Ne4
Rb8 21. h5 Na5 22. g6 fxg6 23. Nd6+ Bxd6 24. exd6 Qc6 25. hxg6 h6 26. f5
exf5 27. Bg5 O-O 28. Be7 Be6 29. Qf4 1-0

[Event "11th WUCC Women"]
[Site "Zuerich SUI"]
[Date "2010.09.05"]
[Round "1"]
[White "Naydenova,Yordanka"]
[Black "Drljevic,L"]
[Result "0-1"]
[WhiteElo "1788"]
[BlackElo "2273"]
[EventDate "2010.09.05"]

1. e4 d6 2. d3 g6 3. g3 Bg7 4. Bg2 c5 5. c4 Nc6 6. Ne2 Nf6 7. Nbc3 O-O 8.
O-O a6 9. f4 Rb8 10. f5 b5 11. Nf4 bxc4 12. dxc4 Ne5 13. fxg6 hxg6 14. b3
Nfg4 15. Qc2 Nc6 16. h3 Nd4 17. Qd2 Ne5 18. Bb2 Bd7 19. Rad1 a5 20. Nce2
Nxc4 21. bxc4 Rxb2 22. Qxb2 Nf3+ 23. Rxf3 Bxb2 24. Rb1 Bg7 25. Rfb3 a4 26.
Rb7 Bc6 27. R7b6 Qc7 28. Nd5 Bxd5 29. exd5 a3 30. R1b3 Bb2 31. Rb7 Qa5 32.
Rxe7 Qe1+ 33. Bf1 Qa1 34. Rb6 Be5 35. Ra6 Rb8 36. Rxa3 Rb2 37. Nf4 Bd4+ 0-1

[Event "11th WUCC Women"]
[Site "Zuerich SUI"]
[Date "2010.09.05"]
[Round "1"]
[White "Melekhina,A"]
[Black "Garcia,Lir"]
[Result "1/2-1/2"]
[WhiteElo "2273"]
[BlackElo "1908"]
[EventDate "2010.09.05"]

1. e4 c6 2. d4 d5 3. Nc3 g6 4. h3 Bg7 5. Nf3 dxe4 6. Nxe4 Nf6 7. Nxf6+ exf6
8. Bc4 O-O 9. O-O Nd7 10. Bb3 Nb6 11. Bd2 Nd5 12. c4 Nc7 13. Bf4 Be6 14.
Rc1 Rc8 15. d5 cxd5 16. cxd5 Bd7 17. Re1 Re8 18. Rxe8+ Nxe8 19. Rxc8 Bxc8
20. Qd4 a6 21. Qc4 Bf8 22. Nd2 f5 23. Qd4 b5 24. Nf3 Nd6 25. Ne5 g5 26. Nc6
Qe8 27. Bxg5 Ne4 28. Be3 Bd7 29. Qb6 f4 30. Bxf4 Bc5 31. Qb8 Nxf2 32. Qxe8+
Bxe8 33. Kh2 Ne4 34. Bc2 Bd6 35. Bxd6 Nxd6 36. Ne7+ Kf8 37. Nf5 Nc4 38. b3
Nb6 39. Ne3 h6 40. Kg3 Ke7 41. Nf5+ Kf6 42. d6 h5 43. Kf3 Ke5 44. Be4 Bd7
45. Ng7 h4 46. a3 a5 47. Ke3 a4 48. Bc2 Nd5+ 49. Kf3 Nb6 50. bxa4 bxa4 51.
Bd3 Nc8 52. Nh5 Nxd6 53. Ke3 Bb5 54. Nf4 Bc6 55. Nh5 Bxg2 56. Nf4 Bc6 57.
Ne2 Bd7 58. Nd4 Bxh3 59. Nf3+ Kd5 60. Nxh4 Bd7 61. Nf3 Bb5 62. Nd2 f6 63.
Bh7 Nc4+ 64. Nxc4 Kxc4 65. Bd3+ Kc5 66. Bc2 Bd7 67. Kf4 Kd4 68. Bxa4
1/2-1/2

[Event "11th WUCC Women"]
[Site "Zuerich SUI"]
[Date "2010.09.05"]
[Round "1"]
[White "Fuchs,Ju"]
[Black "Hemmatizadeh,N"]
[Result "1-0"]
[WhiteElo "2237"]
[BlackElo "1891"]
[EventDate "2010.09.05"]

1. e4 c5 2. Nf3 Nc6 3. d4 cxd4 4. Nxd4 g6 5. Nc3 Bg7 6. Be3 Nf6 7. Bc4 O-O
8. Bb3 d6 9. f3 Bd7 10. Qd2 Rc8 11. O-O-O Ne5 12. Kb1 Re8 13. g4 Nc4 14.
Bxc4 Rxc4 15. h4 h5 16. b3 Rc8 17. Nd5 e5 18. Nxf6+ Bxf6 19. Ne2 hxg4 20.
h5 gxf3 21. Nc3 Be6 22. hxg6 fxg6 23. Nd5 Bg7 24. Bg5 Qd7 25. Nf6+ Bxf6 26.
Bxf6 Qc6 27. Rc1 Kf7 28. Qg5 Bg4 29. Rh7+ Ke6 30. Bxe5 1-0

[Event "11th WUCC Women"]
[Site "Zuerich SUI"]
[Date "2010.09.05"]
[Round "1"]
[White "Liyanagedara,L"]
[Black "Cheremnova,T"]
[Result "0-1"]
[WhiteElo "1844"]
[BlackElo "2225"]
[EventDate "2010.09.05"]

1. d4 d5 2. Nf3 c6 3. c3 Nf6 4. Bg5 Bf5 5. Nbd2 Nbd7 6. e3 e6 7. Ne5 Be7 8.
Ndf3 h6 9. Bxf6 Nxf6 10. Bd3 Ne4 11. Bc2 O-O 12. O-O Bd6 13. Rc1 f6 14. Nd3
Qc7 15. h3 Rae8 16. Bb3 Kh8 17. c4 Qf7 18. cxd5 exd5 19. Nc5 Bb8 20. Nxe4
Bxe4 21. Nd2 Bf5 22. Re1 Qc7 23. Nf1 Qd7 24. Bc2 Bxc2 25. Qxc2 f5 26. f4
Re7 27. Qf2 Rfe8 28. Nd2 g5 29. g3 Rg8 30. Kh2 Bc7 31. Nb3 Bd6 32. a3 Qe8
33. Rb1 Rg6 34. Nd2 gxf4 35. exf4 Rge6 36. Re5 Bxe5 37. dxe5 b6 38. b4 Rg6
39. Nf3 Rg8 40. Nd4 Qg6 41. Rc1 Rc7 42. Rc3 c5 43. Nb5 Rd7 44. bxc5 d4 45.
Nxd4 bxc5 46. Nb5 Rd5 47. Nd6 h5 48. h4 Rd4 49. Nb5 Rd1 50. Nd6 Rd4 51. Nb5
Rd1 52. Nd6 Rd4 53. Nb5 Rd5 54. Nd6 Rd1 55. Nb5 Qc6 56. Qf3 Rd2+ 57. Kg1
Qg6 58. Nd6 Rb8 59. Rb3 Rg8 60. Rc3 Rb8 61. Rb3 Rg8 62. Rc3 Kh7 63. Qb7+
Rg7 64. Qf3 Kh6 65. Rd3 Rxd3 66. Qxd3 Qxg3+ 67. Qxg3 Rxg3+ 68. Kf2 Rd3 69.
Nxf5+ Kg6 70. Nd6 Kg7 71. Nb5 c4 72. Ke2 a6 73. Nd6 Rxa3 74. Nxc4 Rb3 75.
Ne3 Kf7 76. Ng2 Ke6 77. Ne3 a5 78. f5+ Kxe5 79. Nc4+ Kxf5 80. Nxa5 Rb4 81.
Nb3 0-1

[Event "11th WUCC Women"]
[Site "Zuerich SUI"]
[Date "2010.09.05"]
[Round "1"]
[White "Yanjindulam,D"]
[Black "Ferreira,Ana"]
[Result "1-0"]
[WhiteElo "2212"]
[BlackElo "1816"]
[EventDate "2010.09.05"]

1. e4 c5 2. c3 d5 3. exd5 Qxd5 4. d4 cxd4 5. cxd4 Nc6 6. Nf3 Bg4 7. Nc3 Qd8
8. d5 Nb8 9. h3 Bf5 10. g4 Bd7 11. Bf4 a6 12. Bg2 Qb6 13. O-O Nf6 14. Ne5
Bc8 15. Qe2 g6 16. Nc4 Qb4 17. Bd6 1-0

[Event "11th WUCC Women"]
[Site "Zuerich SUI"]
[Date "2010.09.05"]
[Round "1"]
[White "Rajapaksha,A"]
[Black "Zhang Ying"]
[Result "0-1"]
[WhiteElo "1790"]
[BlackElo "2210"]
[EventDate "2010.09.05"]

1. Nf3 Nf6 2. d4 g6 3. c4 c5 4. e3 Bg7 5. Nc3 O-O 6. Be2 cxd4 7. exd4 d5 8.
O-O Nc6 9. Bf4 Bg4 10. Ne5 Bxe2 11. Nxe2 dxc4 12. Nxc4 Qd5 13. Ne5 Rfd8 14.
Nxc6 Qxc6 15. Qb3 Qe4 16. Be3 Nd5 17. Qxb7 Rab8 18. Qxa7 Nxe3 19. fxe3
Qxe3+ 20. Rf2 Rxb2 21. Qa5 Rdb8 22. Qe1 Rxe2 23. Qxe2 Qxe2 24. Rxe2 Bxd4+
25. Kf1 Bxa1 26. Rxe7 Rb1+ 27. Re1 Rxe1+ 28. Kxe1 f5 29. Ke2 Be5 30. h3 Kf7
31. Kf3 Ke6 32. Ke3 g5 33. Kf3 h5 34. g4 hxg4+ 35. hxg4 f4 36. Ke4 Bc7 37.
Kd4 Bb6+ 38. Ke4 Bc5 39. a4 Bb6 40. Kd3 Kd5 41. Ke2 Ke4 0-1

[Event "11th WUCC Women"]
[Site "Zuerich SUI"]
[Date "2010.09.06"]
[Round "2"]
[White "Hoolt,S"]
[Black "Munguntuul,B"]
[Result "1-0"]
[WhiteElo "2251"]
[BlackElo "2412"]
[EventDate "2010.09.05"]

1. e4 c5 2. Nf3 e6 3. d4 cxd4 4. Nxd4 Nf6 5. Nc3 d6 6. g4 e5 7. Nf5 h5 8.
Bg5 hxg4 9. Bxf6 Qxf6 10. Qxg4 Bxf5 11. exf5 Qh4 12. Qf3 Nc6 13. Bb5 Rc8
14. O-O-O a6 15. Ba4 Be7 16. Ne4 b5 17. Bb3 Nd4 18. Rxd4 exd4 19. f6 gxf6
20. Re1 Kf8 21. Ng3 Rc5 22. Kb1 Qg5 23. Qa8+ Kg7 24. Qxa6 Re5 25. Rg1 Rxh2
26. a4 Kh7 27. axb5 d5 28. b6 Bd6 29. b7 Bb8 30. Qd3+ f5 31. Qxd4 Qf6 32.
Qd3 Qe6 33. Rd1 Rxf2 34. Rh1+ Kg8 35. Qc3 Rg2 36. Bxd5 Rxg3 37. Qxg3+ Kf8
38. Bxe6 1-0

[Event "11th WUCC Women"]
[Site "Zuerich SUI"]
[Date "2010.09.06"]
[Round "2"]
[White "Tsereteli,T"]
[Black "Fuchs,Ju"]
[Result "1-0"]
[WhiteElo "2384"]
[BlackElo "2237"]
[EventDate "2010.09.05"]

1. e4 c5 2. Nf3 d6 3. d4 cxd4 4. Nxd4 Nf6 5. Nc3 Nc6 6. Bg5 Qb6 7. Nb3 e6
8. Bxf6 gxf6 9. Be2 Bd7 10. O-O a6 11. a4 Na5 12. Nxa5 Qxa5 13. Qd4 Be7 14.
Kh1 Qc5 15. Qd3 Bc6 16. f4 O-O-O 17. Bf3 Rdg8 18. Ne2 f5 19. exf5 Bf6 20.
c3 Bxf3 21. Rxf3 h5 22. fxe6 fxe6 23. b4 Qc7 24. b5 a5 25. Rd1 Rd8 26. f5
e5 27. c4 Rhg8 28. Nc3 Rg4 29. Ne4 Qg7 30. Rf2 Kb8 31. b6 Bh4 32. g3 Bf6
33. Qd5 1-0

[Event "11th WUCC Women"]
[Site "Zuerich SUI"]
[Date "2010.09.06"]
[Round "2"]
[White "Guramishvili,S"]
[Black "Yanjindulam,D"]
[Result "1/2-1/2"]
[WhiteElo "2343"]
[BlackElo "2212"]
[EventDate "2010.09.05"]

1. d4 Nf6 2. c4 g6 3. Nc3 Bg7 4. e4 d6 5. f3 O-O 6. Be3 e5 7. d5 c6 8. Bd3
b5 9. Nge2 b4 10. Nb1 c5 11. Nd2 Nh5 12. Qc2 a5 13. Nf1 Na6 14. Nfg3 Qh4
15. Bf2 Nf4 16. Nxf4 exf4 17. Nf5 Qf6 18. Nxg7 Kxg7 19. O-O h5 20. Rfe1 Re8
21. Re2 Bd7 22. Rae1 Re5 23. Rf1 h4 24. Be1 Rh8 25. Bd2 Rg5 26. Be1 Nb8 27.
Kh1 Bc8 28. Qc1 Rgh5 29. Bd2 g5 30. h3 Nd7 31. Bc2 Ne5 32. Ba4 Ba6 33. b3
Qe7 34. Qc2 R5h6 35. Bc1 1/2-1/2

[Event "11th WUCC Women"]
[Site "Zuerich SUI"]
[Date "2010.09.06"]
[Round "2"]
[White "Zhang Ying"]
[Black "Severiukhina,Z"]
[Result "0-1"]
[WhiteElo "2210"]
[BlackElo "2313"]
[EventDate "2010.09.05"]

1. e4 d6 2. d4 Nf6 3. Bd3 g6 4. Ne2 Bg7 5. O-O O-O 6. f4 e5 7. c3 Re8 8.
Qc2 exd4 9. cxd4 Nc6 10. a3 Ng4 11. e5 dxe5 12. dxe5 Qh4 13. h3 Nh6 14. Nd2
Nf5 15. Ne4 Be6 16. Ng5 Rad8 17. Nxe6 fxe6 18. Bxf5 gxf5 19. Be3 Ne7 20.
Nc3 Ng6 21. Nb5 a6 22. Nd4 c6 23. Qb3 Rxd4 24. Bxd4 Nxf4 25. Qe3 Bh6 26.
Qf2 Qxf2+ 27. Rxf2 Rd8 28. Bb6 Rd5 29. Bc7 Nd3 30. Re2 Bc1 31. b3 Bb2 32.
Rd1 Nc1 33. Red2 Bxa3 34. Rxd5 cxd5 35. Bd6 Bb2 36. Kh2 d4 37. Bb4 d3 38.
Kh1 b6 39. Bd2 Nxb3 40. Be3 Nc5 41. Rb1 Na4 42. Bxb6 d2 43. Ba5 Bc3 44.
Rb8+ Kf7 45. Rb7+ Kg6 0-1

[Event "11th WUCC Women"]
[Site "Zuerich SUI"]
[Date "2010.09.06"]
[Round "2"]
[White "Djukic,Sa"]
[Black "Borosova,Z"]
[Result "0-1"]
[WhiteElo "2198"]
[BlackElo "2277"]
[EventDate "2010.09.05"]

1. d4 d5 2. c4 c6 3. e3 Nf6 4. Qc2 Bg4 5. Ne2 dxc4 6. Ng3 Be6 7. Nd2 b5 8.
Nf3 g6 9. a4 a6 10. Be2 Bg7 11. Bd2 O-O 12. h4 Bg4 13. h5 Nbd7 14. hxg6
hxg6 15. Rd1 Re8 16. Ne4 Bf5 17. Nxf6+ Nxf6 18. Qc1 Ne4 19. Nh4 Be6 20. Qc2
Bd5 21. Bf3 Nxd2 22. Rxd2 Bxf3 23. gxf3 e6 24. f4 Qd5 25. f3 c5 26. e4 Qh5
27. Rdh2 cxd4 28. Qf2 Qc5 29. Qg3 Kf8 30. Nxg6+ fxg6 31. Qxg6 d3 32. Rh7
Qe3+ 33. Kf1 Qe2+ 0-1

[Event "11th WUCC Women"]
[Site "Zuerich SUI"]
[Date "2010.09.06"]
[Round "2"]
[White "Drljevic,L"]
[Black "Salman,Ma"]
[Result "1-0"]
[WhiteElo "2273"]
[BlackElo "2001"]
[EventDate "2010.09.05"]

1. e4 c5 2. d3 g6 3. g3 Bg7 4. Bg2 e6 5. Nf3 Ne7 6. O-O O-O 7. c3 d5 8. e5
Nbc6 9. Re1 f6 10. d4 cxd4 11. cxd4 Qb6 12. Nc3 fxe5 13. dxe5 Bd7 14. Na4
Qa5 15. Bd2 Qd8 16. Nc5 b6 17. Nxd7 Qxd7 18. Bf4 Rac8 19. Qd2 Nf5 20. Rad1
Qe7 21. Bg5 Qf7 22. g4 Nfe7 23. b4 Kh8 24. Rc1 Ng8 25. Rc2 h6 26. Rec1 Qd7
27. Bf4 Kh7 28. a3 Nce7 29. h4 Rxc2 30. Rxc2 Qa4 31. Nd4 Qxa3 32. Ra2 Qxa2
33. Qxa2 Rxf4 34. Nxe6 Rxg4 35. Nxg7 Kxg7 36. b5 Rb4 37. Bf1 Rg4+ 38. Bg2
Rb4 39. Qxa7 Rxb5 40. Qd7 Rc5 41. h5 gxh5 42. Qe8 Ng6 43. e6 N8e7 44. Qf7+
Kh8 45. f4 Rc1+ 46. Kh2 Rc2 47. f5 Nxf5 48. Qf6+ Ng7 49. Qxg6 Re2 50. Qxh6+
Kg8 51. Qg6 d4 52. Qd3 Ra2 53. e7 Ra7 54. Qc4+ Kh8 55. Qc8+ Kh7 56. Be4+
1-0

[Event "11th WUCC Women"]
[Site "Zuerich SUI"]
[Date "2010.09.06"]
[Round "2"]
[White "Garcia,Lir"]
[Black "Sukandar,I"]
[Result "0-1"]
[WhiteElo "1908"]
[BlackElo "2372"]
[EventDate "2010.09.05"]

1. d4 Nf6 2. c4 e6 3. Nf3 b6 4. g3 Ba6 5. Qa4 Be7 6. Bg2 O-O 7. O-O d5 8.
Ne5 c6 9. Nc3 Qe8 10. Re1 Bxc4 11. Nxc4 b5 12. Qc2 bxc4 13. b3 cxb3 14.
axb3 Nbd7 15. e4 Nb6 16. Bf4 Bb4 17. Rec1 Qe7 18. Bg5 h6 19. Bxf6 Qxf6 20.
e5 Qe7 21. Na2 Ba3 22. Rcb1 c5 23. Bf1 a5 24. Nc3 Bb4 25. Nb5 cxd4 26. Nxd4
Rfc8 27. Nc6 Qb7 28. Bb5 Nd7 29. Ba4 Nc5 30. Nxb4 Nxa4 31. Qd2 Nc3 0-1

[Event "11th WUCC Women"]
[Site "Zuerich SUI"]
[Date "2010.09.06"]
[Round "2"]
[White "Van Nies,P"]
[Black "Melekhina,A"]
[Result "0-1"]
[WhiteElo "2167"]
[BlackElo "2273"]
[EventDate "2010.09.05"]

1. e4 e5 2. Nf3 Nc6 3. Bb5 a6 4. Ba4 Nf6 5. d3 d6 6. c3 g6 7. h3 Bg7 8. Bg5
h6 9. Be3 O-O 10. Nbd2 Nd7 11. g4 Ne7 12. Rg1 Nc5 13. Bc2 Ne6 14. Nf1 c5
15. Ng3 d5 16. Qe2 Qa5 17. Bd2 Nf4 18. Qf1 c4 19. dxc4 dxc4 20. Ne2 Qb5 21.
Nxf4 Qxb2 22. Rc1 exf4 23. Qxc4 Be6 24. Qb4 Qxb4 25. cxb4 Bxa2 26. Bxf4
Rac8 27. Bd3 Nc6 28. b5 Nb4 29. Be2 Rxc1+ 30. Bxc1 Re8 31. bxa6 bxa6 32.
Kf1 Rxe4 33. Nd2 Re6 34. Rg3 Be5 35. Re3 Bd5 36. Nc4 Bg7 37. Rxe6 Bxe6 38.
Bd2 Bf8 39. Na5 Bc8 40. Bc4 Nc2 41. Nc6 Bd7 42. Bd5 h5 43. Ne5 Bb5+ 44. Kg2
hxg4 45. hxg4 Be8 46. Nxg6 Bb4 47. Bg5 a5 48. Bf6 a4 49. Ne7+ Kf8 50. Nc6
Bc5 51. g5 a3 52. Ne5 Nb4 53. Nf3 0-1

[Event "11th WUCC Women"]
[Site "Zuerich SUI"]
[Date "2010.09.06"]
[Round "2"]
[White "Tuvshintugs,B"]
[Black "Dale,H"]
[Result "1-0"]
[WhiteElo "2333"]
[BlackElo "1779"]
[EventDate "2010.09.05"]

1. d4 Nf6 2. c4 e6 3. Nf3 b6 4. a3 Bb7 5. Nc3 d5 6. cxd5 exd5 7. g3 Nbd7 8.
Bg2 Be7 9. O-O O-O 10. Bf4 a6 11. Rc1 Rc8 12. Bh3 Ne4 13. Nxe4 dxe4 14. Ne5
Nxe5 15. Bxc8 Bxc8 16. dxe5 Bh3 17. Qxd8 Bxd8 18. Rfd1 Re8 19. e6 Bxe6 20.
Bxc7 1-0

[Event "11th WUCC Women"]
[Site "Zuerich SUI"]
[Date "2010.09.06"]
[Round "2"]
[White "Nakhbayeva,G"]
[Black "Davletbayeva,M"]
[Result "1/2-1/2"]
[WhiteElo "2216"]
[BlackElo "2163"]
[EventDate "2010.09.05"]

1. d4 Nf6 2. Nf3 g6 3. c4 Bg7 4. Nc3 O-O 5. g3 d6 6. Bg2 Nc6 7. O-O a6 8.
Qd3 Rb8 9. d5 Na7 10. a4 e5 11. e4 a5 12. c5 Nd7 13. cxd6 cxd6 14. Be3 b6
15. Qb5 f5 16. exf5 gxf5 17. b4 axb4 18. Qxb4 Nc5 19. Rfd1 Bd7 20. Rab1 Qe8
21. a5 bxa5 22. Qxa5 Nb5 23. Nxb5 Rxb5 24. Rxb5 Bxb5 25. Ng5 Ba4 26. Ra1 e4
27. Rb1 Bc2 28. Rb6 Qa8 29. Qxa8 Rxa8 30. h4 h6 31. Ne6 Nxe6 32. dxe6 d5
33. Rd6 Bb3 34. Bh3 d4 35. Bd2 Be5 36. Rb6 e3 37. fxe3 dxe3 38. Bxe3 Ra1+
39. Kf2 Ra2+ 40. Kg1 Ra1+ 1/2-1/2

[Event "11th WUCC Women"]
[Site "Zuerich SUI"]
[Date "2010.09.06"]
[Round "2"]
[White "Seps,M"]
[Black "Naydenova,Yordanka"]
[Result "1-0"]
[WhiteElo "2184"]
[BlackElo "1788"]
[EventDate "2010.09.05"]

1. e4 e5 2. Nf3 Nc6 3. Bc4 Bc5 4. d3 Nf6 5. Nc3 a6 6. Bg5 h6 7. Bxf6 Qxf6
8. Nd5 Qd8 9. c3 d6 10. d4 Ba7 11. h3 O-O 12. O-O Re8 13. Re1 b5 14. Bb3
Bb7 15. a4 Qd7 16. axb5 axb5 17. Qd3 exd4 18. cxd4 Ne7 19. Nf4 c5 20. dxc5
Bxc5 21. Bxf7+ Kxf7 22. Ne5+ 1-0

[Event "11th WUCC Women"]
[Site "Zuerich SUI"]
[Date "2010.09.06"]
[Round "2"]
[White "Hemmatizadeh,N"]
[Black "Lestari,B"]
[Result "1/2-1/2"]
[WhiteElo "1891"]
[BlackElo "2177"]
[EventDate "2010.09.05"]

1. c4 e6 2. Nc3 d5 3. d4 Nf6 4. Bg5 Be7 5. e3 O-O 6. Nf3 b6 7. cxd5 exd5 8.
Bd3 Be6 9. O-O Nbd7 10. Qc2 c5 11. Ne5 Nxe5 12. dxe5 Ng4 13. Bf4 Qb8 14.
Bxh7+ Kh8 15. Bf5 Nxe5 16. Rad1 Rd8 17. Rd2 Bf6 18. Rfd1 Qb7 19. Bxe5 Bxe5
20. Be4 Bxc3 21. Qxc3 Rd7 22. Bf3 Rad8 23. Qe5 Qc6 24. h4 f6 25. Qh5+ Kg8
26. Qg6 Bf7 27. Qg3 Qd6 28. Qg4 Qe5 29. h5 b5 30. h6 g5 31. g3 Qe6 32. Kg2
Rd6 33. Qxe6 Bxe6 34. Re2 c4 35. Red2 Kh7 36. g4 Kxh6 37. Rd4 R6d7 38. Kg3
Kg7 39. Bg2 a5 40. f4 gxf4+ 41. exf4 b4 42. f5 Bg8 43. Kf4 c3 44. bxc3 bxc3
45. Rc1 Rc7 46. Ke3 Rb8 47. Bxd5 Rb4 48. Bxg8 Kxg8 49. Kd3 Rb2 50. Rc2 Kg7
51. a4 Rcb7 52. Rxc3 R2b4 53. Rxb4 Rxb4 54. Rc4 Rb3+ 55. Kd4 Kh6 56. Kd5
Kg5 57. Kc5 Rb8 58. Kd5 Rd8+ 59. Ke6 Re8+ 60. Kf7 Rb8 61. Rc5 Rb7+ 62. Ke6
Rb6+ 63. Kd7 Ra6 64. Kc7 Kxg4 65. Kb7 Rd6 66. Rxa5 Rd4 67. Kc6 Rc4+ 68. Kd5
Rb4 69. Ke6 Kg5 70. Ra6 Rc4 71. a5 Rc5 72. Ra8 Re5+ 73. Kd6 Kxf5 74. a6 Ra5
75. Kc6 Kf4 76. Kb6 Ra1 77. Rf8 f5 78. a7 Ke4 79. Re8+ Kd3 80. a8=Q Rxa8
81. Rxa8 f4 82. Kc5 f3 83. Ra3+ Ke4 84. Ra4+ Ke3 85. Kd5 f2 86. Ra3+ Kf4
87. Ra1 Ke3 88. Ra3+ Kf4 89. Ra1 Ke3 90. Ke5 Ke2 91. Ra2+ Ke1 92. Ke4 f1=Q
93. Ra1+ Kf2 94. Rxf1+ Kxf1 1/2-1/2

[Event "11th WUCC Women"]
[Site "Zuerich SUI"]
[Date "2010.09.06"]
[Round "2"]
[White "Ferreira,Ana"]
[Black "Lindiawati,E"]
[Result "0-1"]
[WhiteElo "1816"]
[BlackElo "2133"]
[EventDate "2010.09.05"]

1. e4 e5 2. Nf3 Nc6 3. Bb5 a6 4. Ba4 Nf6 5. O-O b5 6. Bb3 Be7 7. Re1 d6 8.
h3 Be6 9. c3 Bxb3 10. axb3 O-O 11. d4 exd4 12. cxd4 d5 13. e5 Ne4 14. Nc3
Bb4 15. Rxe4 dxe4 16. Nxe4 Qd5 17. Qd3 Qe6 18. Bg5 f6 19. exf6 gxf6 20. Bh6
f5 21. Neg5 Qxh6 22. d5 Ne5 23. Qd4 Nxf3+ 24. Nxf3 Bd6 0-1

[Event "11th WUCC Women"]
[Site "Zuerich SUI"]
[Date "2010.09.06"]
[Round "2"]
[White "Hegarty,S"]
[Black "Kadek,I"]
[Result "1-0"]
[WhiteElo "2084"]
[BlackElo "1889"]
[EventDate "2010.09.05"]

1. e4 c5 2. Nf3 e6 3. d4 cxd4 4. Nxd4 Nf6 5. Nc3 d6 6. Be2 a6 7. O-O Be7 8.
a4 Qc7 9. Be3 O-O 10. f4 Nbd7 11. a5 b5 12. axb6 Nxb6 13. Qd3 Bb7 14. Nb3
d5 15. e5 Nfd7 16. Na5 Nc5 17. Qd4 Bc8 18. Kh1 Rd8 19. Rf3 Ncd7 20. Rh3 Bc5
21. Qd3 Nf8 22. Bxc5 Qxc5 23. Nb3 Qc7 24. Nd4 Bb7 25. Qf3 Nc4 26. Bd3 g6
27. Nd1 Qb6 28. c3 a5 29. Qg3 a4 30. f5 exf5 31. Nxf5 Qe6 32. Nh6+ Kg7 33.
Ne3 Nxe3 34. Qxe3 Nd7 35. Rf1 Rf8 36. Nf5+ gxf5 37. Bxf5 Qxe5 1-0